Personnages de Noob (Joueurs d'Horizon dans la série) - Statistiques

Statistiques générales
  • Ce quiz a été pris 59 fois
    56 depuis la dernière actualisation
  • Le résultat moyen est 25 sur 70
Statistiques - réponses
Hint Réponse % Correct
Guilde Roxxor Gaea
97%
Guilde Justice Omega Zell
97%
Guilde Noob Arthéon
92%
Guilde Justice Fantöm
92%
Guilde Noob Sparadrap
92%
Guilde Noob Ivy
82%
Guilde Noob Couette
77%
Guilde Justice Saphir
77%
Guilde Justice Ystös
77%
Farmer Ash
74%
Ex-champion de l'Ordre et de la Coalition Spectre
69%
Guilde Roxxor Amaras
67%
Guilde Justice Heimdäl
67%
Guilde des Traqueurs de Reliques Maître Zen
64%
Guilde des Player Killer Dark Avenger
62%
Guilde Roxxor Roxana
62%
Guilde des Player Killer Précieux
59%
Mercenaire Golgotha
56%
Guilde Justice Rubis
56%
Guilde Pro Game Master Master Pong
49%
Guilde Justice Mist
49%
Guilde Pro Game Master Rafale
49%
Guilde des Adorateurs de Gaea Meumeuh
46%
Guilde des Traqueurs de Reliques Nazetrîme
46%
Guilde Pro Game Master Titan
44%
Guilde Roxxor T-Man
44%
Co-découvreuse de Sourcelame Kary
41%
Guilde Pro Game Master Earthquake
38%
Guilde Justice Jibédix
38%
Guilde des Traqueurs de Reliques Valentin
38%
Guilde Justice Castörga
36%
Fils en thérapie Dead
31%
Guilde Pro Game Master Misstik
31%
Guilde Pro Game Master Six
31%
Guilde Roxxor Cruelor
28%
Guilde Roxxor Decklan
28%
Troll Mezariel
28%
Avatar de Camille Lavande Omega Zellette
28%
Père en thérapie Rock
28%
Guilde des Player Killer Papy PK
23%
Guilde Roxxor Spectro-Squeletto-Warrior
23%
Guilde Roxxor Battos
21%
Guilde Pro Game Master Elyx
21%
Guilde Roxxor Vilainor
21%
Guilde Roxxor Cetardüs
18%
Nécromancien désespéré en Champ de Bataille Langlois
18%
Guilde Pro Game Master Kaulitz
15%
Guilde Rush Logs
15%
Guilde Rush May
15%
Ancien champion de Pong Spark
15%
Guilde Rush Drek
13%
Guilde Noob Grobin des Doigts
13%
Guilde Pro Game Master Headfirst
13%
Guilde Justice Unster
13%
Guilde Rush Baster
10%
Psychologue IRL Liffe
10%
Guilde des Traqueurs de Reliques Abraham
8%
Co-découvreur du Shonen Spirit Burst
8%
Guilde des Adorateurs de Gaea Gordan
8%
Guilde Twink Rane
8%
Guilde des Adorateurs de Gaea Ajysti
5%
Guilde Justice Arok
5%
Guilde des Adorateurs de Gaea Dardar
5%
Guilde des Adorateurs de Gaea Fanette
5%
Entraîneur de la guilde PGM Sizzle
5%
Troll Darklinux
3%
Guilde Roxxor Kyo Shin Zamurato
3%
Coalisé en Champ de Bataille Tomba
3%
Guilde Roxxor Trichelieu
3%
Guilde Roxxor Zarakai
3%
Aucun quiz correspondant
Distribution des résultats
% des personnes avec chaque résultat
Percentile par nombre de réponses
Votre historique - résultats
Vous n’avez pas pris ce quiz depuis la dernière actualisation